书目信息 |
| 题名: |
设计思维与创新教育
|
|
| 作者: | 乔凤天 , 吴陶 , 孙远波 编著 | |
| 分册: | ||
| 出版信息: | 北京 科学出版社 2020.06 |
|
| 页数: | 174页 | |
| 开本: | 24cm | |
| 丛书名: | 高等师范院校“双创”教师教育系列教材 | |
| 单 册: | ||
| 中图分类: | J06 | |
| 科图分类: | ||
| 主题词: | 艺术--yi shu--设计--创造性思维--高等师范院校--教材 | |
| 电子资源: | ||
| ISBN: | 978-7-03-065355-0 | |
| 000 | 01194nam 2200277 450 | |
| 001 | 2035577034 | |
| 005 | 20201106095304.36 | |
| 010 | @a978-7-03-065355-0@dCNY68.00 | |
| 100 | @a20200707d2020 em y0chiy50 ea | |
| 101 | 0 | @achi |
| 102 | @aCN@b110000 | |
| 105 | @aa a 000yy | |
| 200 | 1 | @a设计思维与创新教育@Ashe ji si wei yu chuang xin jiao yu@f乔凤天, 吴陶, 孙远波等编著 |
| 210 | @a北京@c科学出版社@d2020.06 | |
| 215 | @a174页@c图@d24cm | |
| 225 | 2 | @a高等师范院校“双创”教师教育系列教材@Agao deng shi fan yuan xiao “ shuang chuang ” jiao shi jiao yu xi lie jiao cai |
| 320 | @a有书目 (第170-174页) | |
| 330 | @a本书介绍了设计思维的缘起与演进、特征与要素, 详细讲解了设计思维方法和工具。设计方法与具体案例相结合是本书最大的特点。本书主要内容包括设计思维的基础分析、设计思维的教育分析、设计思维的方法与模式、设计思维的工具与实施、设计思维项目的设计。 | |
| 410 | 0 | @12001 @a高等师范院校“双创”教师教育系列教材 |
| 606 | 0 | @a艺术@Ayi shu@x设计@x创造性思维@x高等师范院校@j教材 |
| 690 | @aJ06@v5 | |
| 701 | 0 | @a乔凤天@Aqiao feng tian@4编著 |
| 701 | 0 | @a吴陶@Awu tao@4编著 |
| 701 | 0 | @a孙远波@Asun yuan bo@4编著 |
| 801 | 0 | @aCN@b人天书店@c20200929 |
| 905 | @aZUCC@dJ06@eQ318 | |
| 设计思维与创新教育/乔凤天, 吴陶, 孙远波等编著.-北京:科学出版社,2020.06 |
| 174页:图;24cm.-(高等师范院校“双创”教师教育系列教材) |
| ISBN 978-7-03-065355-0:CNY68.00 |
| 本书介绍了设计思维的缘起与演进、特征与要素, 详细讲解了设计思维方法和工具。设计方法与具体案例相结合是本书最大的特点。本书主要内容包括设计思维的基础分析、设计思维的教育分析、设计思维的方法与模式、设计思维的工具与实施、设计思维项目的设计。 |
| ● |
| 相关链接 |
|
|
|
正题名:设计思维与创新教育
索取号:J06/Q318
 
预约/预借
| 序号 | 登录号 | 条形码 | 馆藏地/架位号 | 状态 | 备注 |
| 1 | 1481533 | 214815333 | 社科库309/309社科库 62排4列3层/ [索取号:J06/Q318] | 在馆 | |
| 2 | 1481534 | 214815342 | 社科库309/309社科库 62排4列3层/ [索取号:J06/Q318] | 在馆 |